| 000 | 00921nam a22002777a 4500 | ||
|---|---|---|---|
| 001 | 4051 | ||
| 003 | FISKH | ||
| 005 | 20240604090300.0 | ||
| 008 | 240604b cb ||||| |||| 00| 0 eng d | ||
| 020 | _a9781574710038 | ||
| 040 |
_aFISKH _beng _cFISKH _dFISKH |
||
| 050 | _aQA135.5 | ||
| 100 |
_aWilliams, Rozanne Lamczak _eauthor |
||
| 245 |
_aScaredy cat Runs Away / _cWritten by Rozanne Lanczak Williams : Ilustrated by Jannie Ho |
||
| 260 |
_aCypress : _bCreative Teaching Press, Inc ; _c1995 |
||
| 300 |
_a8 pages : _bcolor illustrations ; _c17 cm . |
||
| 490 | _aLearn To Read | ||
| 505 | _aC | ||
| 520 | _aMath concepts covered in this book are under, over, through, around, in front of, and behind. | ||
| 521 | 8 |
_a100
_bLexile estimate |
|
| 521 | 8 |
_aC
_bRaz-Plus |
|
| 650 |
_aAnimals _vJuvenile Fiction |
||
| 700 |
_aHo, Jannie _eillustrator |
||
| 942 |
_2ddc _cBK _n0 |
||
| 999 |
_c4051 _d4051 |
||